Vylučovanie zliatinových povlakov Ni - W z vodných elektrolytov

Na minha lista:
Detalhes bibliográficos
Autor principal: Tkáč, Michal (Author)
Formato: Manuscrito Livro
Idioma:eslovaco
Publicado em: Bratislava : STU v Bratislave FCHPT, 2002
Edição:Obháj.: 3.6.2002
Tags: Adicionar Tag
Sem tags, seja o primeiro a adicionar uma tag!

MARC

LEADER 00000ntm a22000003a 4500
001 stu76428
005 20150617225646.5
008 020702s2002----xo------------------slo-d
040 |a STU  |b slo 
041 0 |a slo 
044 |a xo 
100 1 |a Tkáč, Michal  |4 aut 
245 1 |a Vylučovanie zliatinových povlakov Ni - W z vodných elektrolytov 
250 |a Obháj.: 3.6.2002 
260 |a Bratislava :  |b STU v Bratislave FCHPT,  |c 2002 
300 |a 36 s. Obr.,tab.,grafy,lit 
500 |a Špec.: Anorganická technológia 
996 |b 284C026810  |c C*D13524  |l CCI  |s A  |a 24  |w stu76428_0001